LEADER 02165nam0 22004213i 450 001 VAN00219449 005 20240806101254.903 017 70$2N$a9789402417296 100 $a20210930d2019 |0itac50 ba 101 $aeng 102 $aNL 105 $a|||| ||||| 200 1 $aExplosives Detection$eSensors, Electronic Systems and Data Processing$fLorenzo Capineri, Eyüp Kuntay Turmu? editors 210 $aDordrecht$cSpringer$cNATO Emerging Security Challenges Division$d2019 215 $axiii, 331 p.$cill.$d24 cm 410 1$1001VAN00133295$12001 $aNATO Science for Peace and Security Series. B: Physics and Biophysics$1210 $aDordrecht$cSpringer$cNATO Emerging Security Challenges Division 500 1$3VAN00219451$aExplosives Detection : Sensors, Electronic Systems and Data Processing$92530732 606 $a00Bxx$xConference proceedings and collections of articles [MSC 2020]$3VANC021742$2MF 606 $a91-XX$xGame theory, economics, finance, and other social and behavioral sciences [MSC 2020]$3VANC025601$2MF 606 $a94-XX$xInformation and communication theory, circuits [MSC 2020]$3VANC019701$2MF 610 $aApplication-Based Systems$9KW:K 610 $aElectronic Systems$9KW:K 610 $aExplosive Detection$9KW:K 610 $aImage and Signal Processing$9KW:K 610 $aOptical Engineering$9KW:K 620 $aNL$dDordrecht$3VANL000068 702 1$aCapineri$bLorenzo$3VANV186473 702 1$aTurmus$bEyup Kuntay$3VANV186475 712 $aNATO Emerging Security Challenges Division $3VANV115222$4650 712 $aSpringer $3VANV108073$4650 801 $aIT$bSOL$c20241115$gRICA 856 4 $uhttp://doi.org/10.1007/978-94-024-1729-6$zE-book ? Accesso al full-text attraverso riconoscimento IP di Ateneo, proxy e/o Shibboleth 899 $aBIBLIOTECA DEL DIPARTIMENTO DI MATEMATICA E FISICA$1IT-CE0120$2VAN08 912 $fN 912 $aVAN00219449 950 $aBIBLIOTECA DEL DIPARTIMENTO DI MATEMATICA E FISICA$d08DLOAD e-book 4083 $e08eMF4083 20210930 996 $aExplosives Detection$92530732 997 $aUNICAMPANIA LEADER 02488nam0 22005053i 450 001 VAN00249563 005 20250604025557.759 017 70$2N$a9783030549435 100 $a20220902d2020 |0itac50 ba 101 $aeng 102 $aCH 105 $a|||| ||||| 200 1 $aNumerical semigroups and applications$fAbdallah Assi, Pedro A. García-Sánchez 205 $a2. ed 210 $aCham$cSpringer$cReal Sociedad Matemática Española$d2020 215 $axiv, 138 p.$cill.$d24 cm 410 1$1001VAN00115110$12001 $aRSME Springer series$1210 $aBerlin$cSpringer$cReal Sociedad Matemática Española$d2016-$v3 500 1$3VAN00242997$aNumerical semigroups and applications$91523528 606 $a13F25$xFormal power series rings [MSC 2020]$3VANC024022$2MF 606 $a14-XX$xAlgebraic geometry [MSC 2020]$3VANC019702$2MF 606 $a14G50$xApplications to coding theory and cryptography of algebraic geometry [MSC 2020]$3VANC020731$2MF 606 $a14H50$xPlane and space curves [MSC 2020]$3VANC023709$2MF 606 $a20-XX$xGroup theory and generalizations [MSC 2020]$3VANC019715$2MF 606 $a20M05$xFree semigroups, generators and relations, word problems [MSC 2020]$3VANC019714$2MF 606 $a20M14$xCommutative semigroups [MSC 2020]$3VANC029151$2MF 610 $aAG codes$9KW:K 610 $aAlgebraic curves$9KW:K 610 $aCombinatorics$9KW:K 610 $aNonunique factorization invariants$9KW:K 610 $aNumerical semigroup$9KW:K 620 $aCH$dCham$3VANL001889 700 1$aAssi$bAbdallah$3VANV089106$0756018 701 1$aGarcía-Sánchez$bPedro A.$3VANV089107$0756019 712 $aReal Sociedad Matemática Española$3VANV114704$4650 712 $aSpringer $3VANV108073$4650 790 1$aGarcía-Sánchez, P. A.$zGarcía-Sánchez, Pedro A.$3VANV232789 790 1$aGarcía-Sánchez, P.A.$zGarcía-Sánchez, Pedro A.$3VANV232790 801 $aIT$bSOL$c20250606$gRICA 856 4 $uhttp://doi.org/10.1007/978-3-030-54943-5$zE-book ? Accesso al full-text attraverso riconoscimento IP di Ateneo, proxy e/o Shibboleth 899 $aBIBLIOTECA DEL DIPARTIMENTO DI MATEMATICA E FISICA$1IT-CE0120$2VAN08 912 $fN 912 $aVAN00249563 950 $aBIBLIOTECA DEL DIPARTIMENTO DI MATEMATICA E FISICA$d08DLOAD e-book 4770 $e08eMF4770 20220902 996 $aNumerical semigroups and applications$91523528 997 $aUNICAMPANIA